Gaming Quiz

Random Gaming or Numbers Quiz

First Founding Space Marine Legions Quiz Stats

 Plays Quiz not verified by Sporcle

Score 0/18 Timer 05:00
0 Plays Today
Number Legion % Correct
XIIIUltramarines
96.3%
IXBlood Angels
95.1%
IDark Angels
91.4%
VISpace Wolves
91%
VIIImperial Fists
88.1%
XVILuna Wolves
86.6%
XIIWorld Eaters
86.2%
XVIIISalamanders
84%
IIIEmperor's Children
83.6%
Number Legion % Correct
VWhite Scars
83.6%
XVThousand Sons
82.8%
XXAlpha Legion
82.8%
XIron Hands
82.5%
XVIIWord Bearers
80.6%
IVIron Warriors
79.5%
XIVDeath Guard
79.1%
XIXRaven Guard
77.6%
VIIINight Lords
70.9%

You're not logged in!

Compare scores with friends on all Sporcle quizzes.
OR
Log In

Show Comments

Extras

Top Quizzes Today


Score Distribution

Your Account Isn't Verified!

In order to create a playlist on Sporcle, you need to verify the email address you used during registration. Go to your Sporcle Settings to finish the process.

Report this User

Report this user for behavior that violates our Community Guidelines.

Details: